MARC

LEADER 00000nas a2200000 a 4500
001 ssj0000329398
003 WaSeSS
005 20200512172242.0
006 m d
007 cr n
008 061005c20059999is qr p s 0 0eng c
010 |a  2006222891 
035 |a (WaSeSS)ssj0000329398 
040 |a CLU  |b eng  |c CLU  |d DLC  |d HLS  |d CUS  |d OCLCQ  |d DLC  |d OCLCO  |d DLC  |d OCLCF  |d OCLCO  |d OCL  |d OCLCO  |d OCLCA  |d WaSeSS 
042 |a pcc 
043 |a a-is--- 
050 0 0 |a DS109.94  |b .J483 
130 0 |a Jerusalem quarterly (2005) 
245 1 0 |a Jerusalem quarterly  |h [electronic resource] =  |b Milaff al-Quds. 
246 3 1 |a Milaff al-Quds 
260 |a Jerusalem :  |b Institute of Jerusalem Studies,  |c [2005]- 
310 |a Quarterly 
362 0 |a 22/23 (fall & winter 2005)- 
500 |a Title from cover. 
506 |a License restrictions may limit access. 
515 |a Some numbers issued in combined form. 
588 |a Latest issue consulted: 32 (autumn 2007). 
648 7 |a Since 1993  |2 fast 
650 0 |a Annexation (Municipal government)  |z Israel  |v Periodicals. 
650 0 |a Arab-Israeli conflict  |y 1993-  |x Peace  |v Periodicals. 
650 7 |a Annexation (Municipal government)  |2 fast  |0 (OCoLC)fst00809741 
650 7 |a Arab-Israeli conflict  |x Peace.  |2 fast  |0 (OCoLC)fst00812230 
650 7 |a International law.  |2 fast  |0 (OCoLC)fst00976984 
650 7 |a Politics and government  |2 fast  |0 (OCoLC)fst01919741 
651 0 |a Jerusalem  |x Politics and government  |v Periodicals. 
651 0 |a Jerusalem  |x International status  |v Periodicals. 
651 7 |a Israel.  |2 fast  |0 (OCoLC)fst01204236 
651 7 |a Middle East  |z Jerusalem.  |2 fast  |0 (OCoLC)fst01216276 
655 0 |a Electronic journals. 
710 2 |a Muʼassasat al-Dirāsāt al-Maqdisīyah. 
780 0 0 |t Jerusalem quarterly file  |x 1565-2254  |w (DLC) 98957919  |w (OCoLC)40215696 
850 |a DLC 
853 2 0 |8 1  |a (*/*)  |i (year)  |j (season/season)  |w q 
856 4 0 |z Full text available from Research Library: 2005 to present  |u https://search.proquest.com/publication/616497 
863 4 1 |8 1.1  |a 22/23  |i 2005  |j 23/24